Statistics for Harry Potter characters by Clues Part 1

Click here to take the quiz!

General Stats

  • This quiz has been taken 45 times
  • The average score is 44 of 67

Answer Stats

HintAnswer% Correct
Ravenclaw student one year above Harry, Quidditch Seeker, member of Dumbledore's Army and Harry's first love interest.Cho Chang
92%
Brother of Alecto Carrow, Death Eater and professor of Defence Against the Dark Arts for one year and Deputy Headmaster of Hogwarts under Severus Snape.Amycus Carrow
90%
Muggle-born Gryffindor student one year below Harry, brother of Dennis Creevey, member of Dumbledore's Army, killed during the Battle of Hogwarts, after sneaking away from the younger evacuated students in the seventh book.Colin Creevey
82%
Muggle-born Gryffindor student three years below Harry, brother of Colin Creevey, and member of Dumbledore's Army.Dennis Creevey
82%
Hogwarts Headmaster in Harry Potter's time, Transfiguration professor in Tom Riddle's time, founder of the Order of the Phoenix.Albus Dumbledore
79%
Muggle son of Vernon Dursley and Petunia Evans, first cousin of Harry Potter.Dudley Dursley
79%
French student who participated in the Triwizard Tournament representing Beauxbatons, later married Bill Weasley.Fleur Delacour
79%
younger sister of Fleur Delacour, saved by Harry in the Triwizard Tournament.Gabrielle Delacour
79%
Muggle sister of Vernon Dursley.Marge Dursley
79%
Works for the Department for the Regulation and Control of Magical Creatures, father of Cedric Diggory.Amos Diggory
77%
Muggle-born Gryffindor student in Harry's year, one of Harry's best friends, founder of Dumbledore's Army and S.P.E.W., Gryffindor Prefect.Hermione Granger
77%
Muggle-born wife of Reginald Cattermole, saved by Harry Potter from the Muggle-born Registration Commission.Mary Cattermole
77%
Harry's aunt, the sister of his mother Lily. Married to Vernon Dursley and mother of Dudley Dursley.Petunia Dursley
77%
Harry Potter's muggle uncle, married to his aunt Petunia and father of Dudley Dursley.Vernon Dursley
77%
Brother of Albus and Ariana Dumbledore, owner of the Hog's Head.Aberforth Dumbledore
74%
Death Eater, credited with facilitating the return of Lord Voldemort, received a Dementor's Kiss, used Polyjuice Potion to impersonate Alastor Moody.Barty Crouch Jr
74%
Hufflepuff student two years above Harry, school prefect, Quidditch Seeker and captain, co-winner of the Triwizard Tournament.Cedric Diggory
74%
Charms professor at Hogwarts and Head of Ravenclaw.Filius Flitwick
74%
Ravenclaw prefect and girlfriend of Percy Weasley.Penelope Clearwater
74%
Half-giant Keeper of Keys and Grounds at Hogwarts, Care of Magical Creatures professor starting from Harry's third year, a member of the Order of the Phoenix.Rubeus Hagrid
74%
Harry Potter's godfather, a member of the Order of the Phoenix and escapee from Azkaban prison.Sirius Black
74%
Squib caretaker of Hogwarts.Argus Filch
72%
Minister for Magic in the first five books, sacked when he denied Lord Voldemort's return for a year.Cornelius Fudge
72%
Gryffindor student in Harry's year, a member of Dumbledore's Army, briefly Ron Weasley's first girlfriendLavender Brown
72%
Gryffindor student two years above Harry, Hogwarts Quidditch commentator, good friend of Fred and George Weasley at Hogwarts.Lee Jordan
72%
Pure-blood Father of Merope and Morfin Gaunt.Marvolo Gaunt
72%
employee of the Magical Maintenance Department for the Ministry of Magic, impersonated by Ron Weasley.Reginald Cattermole
72%
Slytherin student in Harry's year, son of Death Eater, Slytherin Quidditch team Beater, a member of the Inquisitorial Squad, a friend of Draco Malfoy.Vincent Crabbe
72%
Head of the Department of Magical Law Enforcement, aunt of Susan Bones.Amelia Bones
69%
Dark Wizard, jailed since Albus Dumbledore defeated him in the 1940s.Gellert Grindelwald
69%
Hufflepuff student in Harry Potter's year, prefect of Hufflepuff house in fifth year, member of Dumbledore's Army intitials H-AHannah Abbott
69%
Hogwarts flying instructor, Quidditch referee.Rolanda Hooch
69%
author of A History of Magic, great aunt of Gellert Grindelwald.Bathilda Bagshot
67%
Werewolf working for the Death Eaters.Fenrir Greyback
67%
Large Slytherin student in Harry's year, Slytherin Quidditch Beater, a member of the Inquisitorial Squad.Gregory Goyle
67%
Gryffindor student one year above Harry Potter; Chaser on the Gryffindor Quidditch team, member of Dumbledore's Army. Initials K-BKatie Bell
67%
The mother of Tom Marvolo Riddle/Lord Voldemort, died after childbirth.Merope Gaunt
67%
Ravenclaw student in Harry's year, member of Dumbledore's Army, Ginny Weasley's first boyfriend.Michael Corner
67%
Irish Gryffindor student in Harry's year, a member of Dumbledore's Army, best friend of Dean Thomas.Seamus Finnigan
67%
sister of Amycus Carrow, Death Eater and professor of Muggle Studies for one year, Deputy Headmistress of Hogwarts under Severus Snape.Alecto Carrow
64%
Squib neighbour of the Dursleys', member of the Order of the Phoenix.Arabella Figg
64%
Head of the Department of International Magical Cooperation, killed by Barty Crouch Jr, Transfigurated into a bone before being buried.Barty Crouch Sr
64%
Ghost, History of Magic professor.Cuthbert Binns
64%
Slytherin sixth year Quidditch captain.Marcus Flint
64%
Gryffindor student two years above Harry, Quidditch Chaser and later captain.Angelina Johnson
62%
Professor of Muggle Studies at Hogwarts during Harry's time at school.Charity Burbage
62%
Hufflepuff student in Harry's year, a member of Dumbledore's Army. Initials S-BSusan Bones
62%
Ravenclaw student in Harry's year, a member of Dumbledore's Army. Initials T-BTerry Boot
62%
Ravenclaw student one year above Harry, member of Dumbledore's Army's and also betrays Dumbledore's Army to Dolores Umbridge.Marietta Edgecombe
59%
Common thief and shifty member of the Order of the Phoenix.Mundungus Fletcher
59%
Substitute Care of Magical Creatures professor during Harry's fourth and fifth years.Wilhelmina Grubbly-Plank
59%
Muggle gardener for the Riddle familyFrank Bryce
56%
Slytherin student in Harry's year, a member of Umbridge's Inquisitorial Squad. Has a cat.Millicent Bulstrode
56%
Death Eater who killed Fabian Prewett, Gideon Prewett, and Remus Lupin.Antonin Dolohov
54%
Head of the Department of Magical Games and Sports within the Ministry of Magic.Ludo Bagman
54%
late great-great-grandfather of Sirius Black, a former headmaster of Hogwarts whose painting hangs in the office and helps out the current headmaster.Phineas Nigellus Black
51%
School friend of Albus Dumbledore.Elphias Doge
49%
Witch who works in the Ministry of Magic, impersonated by Hermione Granger in Deathly Hallows.Mafalda Hopkirk
49%
Ravenclaw student who was Captain and Chaser on the Ravenclaw Quidditch team. Went to Yule Ball with Fleur Delacour.Roger Davies
49%
Framed by his nephew for Muggle killings, died in Azkaban.Morfin Gaunt
46%
Ravenclaw student in Harry's year, member of Dumbledore's Army. Initials A-GAnthony Goldstein
44%
Ice cream vendor at Diagon Alley.Florean Fortescue
44%
Muggle-born Hufflepuff student in Harry's year, a member of Dumbledore's Army.Justin Finch-Fletchley
44%
Matron of the orphanage where Tom Marvolo Riddle lived.Mrs Cole
41%
Highly regarded East European wand-maker.Mykew Gregorovitch
41%
member of the Order of the Phoenix who took the Dursleys into hiding.Dedalus Diggle
38%
Muggle-born Head of the Goblin Liaison Office, went on the run in Deathly Hallows with fellow muggle-born Ted Tonks, Dean Thomas and goblins Gornuk and Griphook, killed while on the run.Derk Cresswell
18%

Score Distribution

Percentile by Number Answered

Percent of People with Each Score

Your Score History

You have not taken this quiz